Engineering materials and their applications 4th ed (Record no. 8031)

MARC details
000 -LEADER
fixed length control field 00415nam a22001457a 4500
003 - CONTROL NUMBER IDENTIFIER
control field NG-AbAUS
008 - FIXED-LENGTH DATA ELEMENTS--GENERAL INFORMATION
fixed length control field 160908b xxu||||| |||| 00| 0 eng d
020 ## - INTERNATIONAL STANDARD BOOK NUMBER
International Standard Book Number 9780395433058
082 ## - DEWEY DECIMAL CLASSIFICATION NUMBER
Classification number 620.1 F6462
100 ## - MAIN ENTRY--PERSONAL NAME
Personal name Flinn A Richard, Trojan K Paul
9 (RLIN) 1074
245 ## - TITLE STATEMENT
Title Engineering materials and their applications 4th ed
260 ## - PUBLICATION, DISTRIBUTION, ETC. (IMPRINT)
Place of publication, distribution, etc Dallas
Name of publisher, distributor, etc Houhton Mifflin company
Date of publication, distribution, etc 1990
300 ## - PHYSICAL DESCRIPTION
Extent 1110
Other physical details Index
942 ## - ADDED ENTRY ELEMENTS (KOHA)
Source of classification or shelving scheme Dewey Decimal Classification
Item type Book

No items available.